000 00710cam a22002657a 4500
999 _c7331
_d7331
001 7331
003 BD-JhCC
005 20180519114405.0
008 140124s2014 caua e 001 0 eng d
020 _a9781285418995
020 _a1285418999
035 _a(BD-JhCC)7331
040 _aH2E
_cH2E
_dOCLCO
_dDLC
_dBD-JhCC
041 _aeng
050 0 0 _aQD31.3
_b.G46 2014
082 _a540
_bTIM
100 _aTimm, John Arrend
245 0 0 _aGeneral chemistry /
_cJohn Arrend Timm
250 _aPreliminary ed., course companion.
260 _aBelmont, Calif. :
_bBrooks/Cole,
_cc2014.
300 _a647 p. :
_bcol. ill. ;
_c29 cm.
650 0 _aChemistry
_vTextbooks.
942 _2ddc
_cBK